[Event "Nordic-ch"]
[Site "Sarpsborg"]
[Date "2019.06.24"]
[Round "5"]
[White "Nizar, Siako"]
[Black "Hamre, Kenneth"]
[Result "0-1"]
[WhiteElo "1209"]
[BlackElo "2033"]
[PlyCount "77"]
[EventDate "2019.06.21"]
[EventType "swiss"]
[EventRounds "9"]
[EventCountry "NOR"]
[SourceTitle "CBM 191 Extra"]
[Source "ChessBase"]
[SourceDate "2019.09.30"]
[SourceVersion "1"]
[SourceVersionDate "2019.09.30"]
[SourceQuality "1"]

1. c4 Nf6 2. Nc3 c5 3. g3 e6 4. e4 d6 5. Nge2 b6 6. Bg2 Bb7 7. 0-0 Nbd7 8. d3 Qb8 9. f4 Be7 10. Bd2 0-0 11. Qc2 Re8 12. h3 h5 13. Kh1 a6 14. a4 Qc7 15. b3 Rad8 16. Be3 Bf8 17. Qd2 g6 18. Rad1 Bg7 19. Qc1 Rc8 20. Qd2 Qb8 21. Qc1 Qa8 22. Kg1 Bc6 23. Qc2 Bb7 24. Qc1 Bh8 25. Qc2 Rcd8 26. Bf2 Nb8 27. d4 cxd4 28. Bxd4 Nbd7 29. Bf2 Nc5 30. Bxc5 dxc5 31. Rxd8 Rxd8 32. Rf2 Rd7 33. e5 Bxg2 34. Rxg2 Ne8 35. g4 hxg4 36. hxg4 Qd8 37. Ng3 Rd3 38. Nf1 Qd4+ 39. Kh1 0-1

[Event "Nordic-ch"]
[Site "Sarpsborg"]
[Date "2019.06.23"]
[Round "4"]
[White "Nilsen, Tobias Lang"]
[Black "Nizar, Siako"]
[Result "1-0"]
[WhiteElo "1986"]
[BlackElo "1209"]
[PlyCount "47"]
[EventDate "2019.06.21"]
[EventType "swiss"]
[EventRounds "9"]
[EventCountry "NOR"]
[SourceTitle "CBM 191 Extra"]
[Source "ChessBase"]
[SourceDate "2019.09.30"]
[SourceVersion "1"]
[SourceVersionDate "2019.09.30"]
[SourceQuality "1"]

1. e4 e5 2. Nf3 Nf6 3. Nc3 Nc6 4. Bb5 d6 5. d4 exd4 6. Nxd4 Bd7 7. 0-0 Ne5 8. Be2 Ng6 9. Be3 Be7 10. f4 Qc8 11. Kh1 Bg4 12. Nf3 Bxf3 13. Bxf3 h5 14. Qd2 Qd7 15. Rad1 a6 16. a4 Rb8 17. Qe2 Qc8 18. Nd5 Ng4 19. Bd4 Rh7 20. e5 Kf8 21. Be4 dxe5 22. fxe5 Qd7 23. Nxe7 Qxe7 24. Bxg6 1-0

[Event "NOR-chT Club"]
[Site "Drammen"]
[Date "2019.05.30"]
[Round "4"]
[White "Nizar, Siako"]
[Black "Galesic, Armin"]
[Result "1/2-1/2"]
[WhiteElo "1176"]
[BlackElo "1319"]
[PlyCount "53"]
[EventDate "2019.05.30"]
[EventType "team-swiss"]
[EventRounds "6"]
[EventCountry "NOR"]
[SourceTitle "CBM 190 Extra"]
[Source "ChessBase"]
[SourceDate "2019.07.15"]
[SourceVersion "1"]
[SourceVersionDate "2019.07.15"]
[SourceQuality "1"]
[WhiteTeam "Fredriksstad III"]
[BlackTeam "Nordstrand III"]
[WhiteTeamCountry "NOR"]
[BlackTeamCountry "NOR"]

1. c4 e5 2. Nc3 Nf6 3. g3 c6 4. e4 c5 5. d3 h6 6. f4 d6 7. Nf3 Nc6 8. Bg2 Bd7 9. 0-0 Be7 10. a3 0-0 11. Bd2 Nd4 12. Nxd4 exd4 13. Nd5 Nxd5 14. cxd5 Bb5 15. Qe2 Re8 16. Rae1 Bf6 17. b3 Rc8 18. Rc1 b6 19. Rf2 Rc7 20. Bf1 Rce7 21. Qd1 Qc8 22. Kg2 a5 23. a4 Ba6 24. Be2 Qc7 25. Ra1 Qd8 26. Qc2 Qc7 27. Qd1 1/2-1/2